[Event "71st RUS-ch Higher League 2018"]
[Site "Yaroslavl"]
[Date "2018.07.04"]
[Round "8"]
[White "Alekseev, Evgeny"]
[Black "Sychev, Klementy"]
[Result "1/2-1/2"]
[WhiteElo "2627"]
[BlackElo "2527"]
[Annotator "ChessBase"]
[PlyCount "87"]
[EventDate "2018.06.26"]
[EventType "swiss"]
[EventCountry "RUS"]
[SourceTitle "playchess.com"]
[Source "ChessBase"]
[SourceQuality "1"]
[TimeControl "40/5400+30:1800+30"]

1. e4 {[%emt 0:00:00]} e5 {[%emt 0:00:19]} 2. Nf3 {[%emt 0:00:00]} Nc6 {[%emt 0:00:03]} 3. Bc4 {[%emt 0:00:29]} Nf6 {[%emt 0:00:14]} 4. d3 {[%emt 0:00:28]} Bc5 {[%emt 0:00:07]} 5. O-O {[%emt 0:01:01]} O-O {[%emt 0:00:12]} 6. h3 {[%emt 0:01:26]} d6 {[%emt 0:08:41]} 7. c3 {[%emt 0:01:57]} Ne7 {[%emt 0:00:58]} 8. Re1 {[%emt 0:05:15]} Bb6 {[%emt 0:01:07]} 9. Nbd2 {[%emt 0:02:58]} Ng6 {[%emt 0:04:22]} 10. Nf1 {[%emt 0:08:17]} c6 {[%emt 0:00:45]} 11. Bb3 {[%emt 0:02:34]} h6 {[%emt 0:01:08]} 12. Ng3 {[%emt 0:02:56]} d5 {[%emt 0:01:17]} 13. exd5 {[%emt 0:02:08]} Nxd5 {[%emt 0:00:38]} 14. d4 {[%emt 0:00:08]} exd4 {[%emt 0:00:04]} 15. Nxd4 {[%emt 0:00:04]} Be6 {[%emt 0:00:16]} 16. Bc2 {[%emt 0:10:11]} Bd7 {[%emt 0:35:03]} 17. Ndf5 {[%emt 0:06:31]} Re8 {[%emt 0:20:12]} 18. Bd2 {[%emt 0:19:11]} Rxe1+ {[%emt 0:03:40]} 19. Qxe1 {[%emt 0:00:14]} Qc7 {[%emt 0:06:51]} 20. Qf1 {[%emt 0:03:49]} Re8 {[%emt 0:02:17]} 21. Re1 {[%emt 0:00:27]} Rxe1 {[%emt 0:04:15]} 22. Qxe1 {[%emt 0:02:06]} Nf6 {[%emt 0:01:56]} 23. c4 {[%emt 0:11:39]} Nh4 {[%emt 0:03:13]} 24. Qe7 {[%emt 0:03:13]} Nxf5 {[%emt 0:00:23]} 25. Nxf5 {[%emt 0:00:08]} Bxf5 {[%emt 0:01:03]} 26. Qxc7 {[%emt 0:00:10]} Bxc7 {[%emt 0:00:01]} 27. Bxf5 {[%emt 0:00:07]} c5 {[%emt 0:01:33]} 28. Bc3 {[%emt 0:03:04]} Kf8 {[%emt 0:01:25]} 29. g3 {[%emt 0:00:29]} Ke7 {[%emt 0:00:49]} 30. Kg2 {[%emt 0:02:07]} g6 {[%emt 0:00:21]} 31. Bc2 {[%emt 0:02:34]} h5 {[%emt 0:00:36]} 32. Bd2 {[%emt 0:03:57]} Be5 {[%emt 0:00:09]} 33. b3 {[%emt 0:00:18]} Bd4 {[%emt 0:00:57]} 34. f4 {[%emt 0:01:04]} Ke6 {[%emt 0:00:38]} 35. Kf3 {[%emt 0:01:02]} b6 {[%emt 0:00:38]} 36. g4 {[%emt 0:01:06]} hxg4+ {[%emt 0:00:05]} 37. hxg4 {[%emt 0:00:03]} Ne8 {[%emt 0:00:33]} 38. f5+ {[%emt 0:00:21]} gxf5 {[%emt 0:00:09]} 39. Bxf5+ {[%emt 0:00:05]} Ke7 {[%emt 0:01:37]} 40. Ke4 {[%emt 0:00:00]} Nf6+ {[%emt 0:00:00]} 41. Kd3 {[%emt 0:04:07]} Ne8 {[%emt 0:07:25]} 42. Bf4 {[%emt 0:03:29]} Nd6 {[%emt 0:00:17]} 43. b4 {[%emt 0:01:06]} f6 {[%emt 0:01:05]} 44. Bxd6+ {[%emt 0:01:33]} 1/2-1/2

[Event "71st RUS-ch Higher League 2018"]
[Site "Yaroslavl"]
[Date "2018.07.04"]
[Round "8"]
[White "Ponkratov, Pavel"]
[Black "Lobanov, Sergei"]
[Result "1-0"]
[WhiteElo "2622"]
[BlackElo "2521"]
[Annotator "ChessBase"]
[PlyCount "59"]
[EventDate "2018.06.26"]
[EventType "swiss"]
[EventCountry "RUS"]
[SourceTitle "playchess.com"]
[Source "ChessBase"]
[SourceQuality "1"]
[TimeControl "40/5400+30:1800+30"]

1. Nf3 {[%emt 0:00:00]} d5 {[%emt 0:00:00]} 2. g3 {[%emt 0:00:00]} Bg4 {[%emt 0:01:13]} 3. Bg2 {[%emt 0:00:00]} Nd7 {[%emt 0:00:04]} 4. h3 {[%emt 0:00:00]} Bh5 {[%emt 0:00:55]} 5. O-O {[%emt 0:00:31]} e6 {[%emt 0:01:02]} 6. d3 {[%emt 0:01:17]} Ngf6 7. c4 Be7 {[%emt 0:04:04]} 8. cxd5 {[%emt 0:03:08]} exd5 {[%emt 0:00:04]} 9. Nh4 {[%emt 0:02:14]} c6 {[%emt 0:19:43]} 10. Nf5 {[%emt 0:37:30]} O-O {[%emt 0:03:27]} 11. g4 {[%emt 0:00:50]} Bg6 {[%emt 0:00:14]} 12. Nxe7+ {[%emt 0:00:05]} Qxe7 {[%emt 0:00:02]} 13. f4 {[%emt 0:00:13]} h6 {[%emt 0:00:46]} 14. e3 {[%emt 0:01:16]} Ne8 {[%emt 0:08:02]} 15. f5 {[%emt 0:05:57]} Bh7 {[%emt 0:00:05]} 16. Nc3 {[%emt 0:00:04]} Nd6 {[%emt 0:01:01]} 17. Rb1 {[%emt 0:06:46]} Ne5 {[%emt 0:23:07]} 18. b3 {[%emt 0:04:30]} Rad8 {[%emt 0:00:56]} 19. Rb2 {[%emt 0:01:00]} g5 {[%emt 0:06:33]} 20. Re2 {[%emt 0:07:06]} f6 {[%emt 0:00:44]} 21. d4 {[%emt 0:01:27]} Ne4 {[%emt 0:19:33]} 22. Nxe4 {[%emt 0:03:40]} dxe4 {[%emt 0:00:01]} 23. Bxe4 {[%emt 0:00:10]} Nf7 {[%emt 0:05:17]} 24. Qc2 {[%emt 0:00:27]} Rfe8 {[%emt 0:00:52]} 25. Bf3 {[%emt 0:00:05]} Kg7 {[%emt 0:02:53]} 26. Bb2 {[%emt 0:00:40]} Nd6 {[%emt 0:00:01]} 27. e4 {[%emt 0:01:27]} Nb5 {[%emt 0:00:11]} 28. e5 {[%emt 0:00:31]} Nxd4 {[%emt 0:00:20]} 29. Bxd4 {[%emt 0:00:14]} Rxd4 {[%emt 0:00:04]} 30. exf6+ {[%emt 0:00:07]} 1-0

[Event "71st RUS-ch Higher League 2018"]
[Site "Yaroslavl"]
[Date "2018.07.04"]
[Round "8"]
[White "Antipov, Mikhail Al"]
[Black "Gogolev, Artem"]
[Result "1-0"]
[WhiteElo "2616"]
[BlackElo "2407"]
[Annotator "RC"]
[PlyCount "75"]
[EventDate "2018.06.26"]
[EventType "swiss"]
[EventCountry "RUS"]
[SourceTitle "playchess.com"]
[Source "ChessBase"]
[SourceQuality "1"]
[TimeControl "40/5400+30:1800+30"]

1. Nf3 {[%emt 0:00:00]} Nf6 {[%emt 0:01:19]} 2. c4 {[%emt 0:00:00]} e6 {[%emt 0:00:29]} 3. g3 {[%emt 0:00:00]} d5 {[%emt 0:00:07]} 4. Bg2 {[%emt 0:00:05]} d4 {[%emt 0:01:30]} 5. O-O {[%emt 0:00:25]} c5 {[%emt 0:00:49]} 6. d3 {[%emt 0:00:43]} Nc6 {[%emt 0:00:29]} 7. e3 {[%emt 0:34:26]} Be7 {[%emt 0:04:12]} 8. exd4 {[%emt 0:00:52]} cxd4 {[%emt 0:00:10]} 9. a3 {[%emt 0:02:23]} a5 {[%emt 0:01:29]} 10. Re1 {[%emt 0:00:58]} Nd7 {[%emt 0:01:43]} 11. Nfd2 {[%emt 0:05:24]} O-O {[%emt 0:02:59]} 12. f4 {[%emt 0:00:08]} Qc7 {[%emt 0:01:25]} 13. b3 {[%emt 0:03:54]} Rb8 {[%emt 0:03:59]} 14. Qc2 {[%emt 0:04:03]} b6 {[%emt 0:04:05]} 15. Nf3 {[%emt 0:06:51]} b5 {[%emt 0:06:17]} 16. Nbd2 {[%emt 0:04:13]} bxc4 {[%emt 0:05:47]} 17. Nxc4 {[%emt 0:00:29]} Nc5 {[%emt 0:01:26]} 18. Rb1 {[%emt 0:00:49]} Qa7 {[%emt 0:13:46]} 19. Bd2 {[%emt 0:03:14]} a4 {[%emt 0:09:51]} 20. b4 {[%emt 0:03:09]} Nb3 {[%emt 0:01:07]} 21. f5 {[%emt 0:03:01]} Rb5 {[%emt 0:07:57]} 22. fxe6 {[%emt 0:05:15]} Bxe6 {[%emt 0:00:43]} 23. Bf4 {[%emt 0:00:22]} Qa6 {[%emt 0:02:35]} 24. Nfd2 {[%emt 0:06:05]} Nxd2 {[%emt 0:02:34]} 25. Qxd2 {[%emt 0:00:28]} Na7 {[%emt 0:03:38]} 26. Rbc1 {[%emt 0:01:38]} h6 {[%emt 0:01:31]} 27. h4 {[%emt 0:04:00]} Rc8 {[%emt 0:02:21]} 28. Be5 {[%emt 0:01:51]} Bf8 {[%emt 0:03:28]} 29. Bxd4 {[%emt 0:03:37]} Rd8 {[%emt 0:00:17]} 30. Qf2 {[%emt 0:01:18]} Nc6 {[%emt 0:01:25]} 31. Bb6 {[%emt 0:01:46]} Rc8 {[%emt 0:03:41]} 32. Bc5 {[%emt 0:00:18]} Bxc5 {[%emt 0:02:00]} 33. bxc5 {[%emt 0:00:02]} Bxc4 {[%emt 0:00:59]} 34. Rxc4 {[%emt 0:00:00]} Rb3 {[%emt 0:00:13]} 35. Bd5 {[%emt 0:01:49]} Rf8 {[%emt 0:02:24]} 36. Rg4 {[%emt 0:00:53]} Qc8 {[%emt 0:02:48]} 37. Rg6 {[%emt 0:00:39]} Rxd3 {[%emt 0:00:51]} 38. Qf6 {[%emt 0:00:34]} 1-0

[Event "71st RUS-ch Higher League 2018"]
[Site "Yaroslavl"]
[Date "2018.07.04"]
[Round "8"]
[White "Kobalia, Mikhail"]
[Black "Dreev, Aleksey"]
[Result "1-0"]
[WhiteElo "2608"]
[BlackElo "2657"]
[Annotator "ChessBase"]
[PlyCount "63"]
[EventDate "2018.06.26"]
[EventType "swiss"]
[EventCountry "RUS"]
[SourceTitle "playchess.com"]
[Source "ChessBase"]
[SourceQuality "1"]
[TimeControl "40/5400+30:1800+30"]

1. e4 {[%emt 0:00:00]} c6 {[%emt 0:00:51]} 2. d4 {[%emt 0:00:00]} d5 {[%emt 0:00:04]} 3. exd5 {[%emt 0:00:00]} cxd5 {[%emt 0:00:07]} 4. c4 {[%emt 0:00:01]} Nf6 {[%emt 0:00:13]} 5. Nc3 {[%emt 0:00:05]} Nc6 {[%emt 0:00:05]} 6. Nf3 {[%emt 0:00:15]} Bg4 {[%emt 0:01:17]} 7. Bg5 {[%emt 0:00:26]} Ne4 {[%emt 0:07:07]} 8. Be3 {[%emt 0:00:35]} e6 {[%emt 0:05:00]} 9. cxd5 {[%emt 0:01:18]} Nxc3 {[%emt 0:02:04]} 10. bxc3 {[%emt 0:00:07]} Qxd5 {[%emt 0:00:09]} 11. Rb1 {[%emt 0:06:49]} Be7 {[%emt 0:14:23]} 12. Rxb7 {[%emt 0:05:27]} O-O {[%emt 0:01:06]} 13. Rb5 {[%emt 0:03:27]} Qxa2 {[%emt 0:02:53]} 14. Bd3 {[%emt 0:00:28]} Qa3 {[%emt 0:16:17]} 15. O-O {[%emt 0:07:43]} Rfc8 {[%emt 0:11:02]} 16. h3 {[%emt 0:07:14]} a6 {[%emt 0:02:26]} 17. Rb6 {[%emt 0:09:17]} Bf5 {[%emt 0:01:45]} 18. Bxf5 {[%emt 0:02:28]} exf5 {[%emt 0:00:02]} 19. c4 {[%emt 0:05:32]} Bd8 {[%emt 0:05:15]} 20. Rb3 {[%emt 0:01:37]} Qa2 {[%emt 0:04:57]} 21. c5 {[%emt 0:12:26]} Bf6 {[%emt 0:08:34]} 22. d5 {[%emt 0:06:13]} f4 {[%emt 0:04:23]} 23. Bc1 {[%emt 0:03:56]} Rd8 {[%emt 0:03:08]} 24. d6 {[%emt 0:06:29]} a5 {[%emt 0:00:02]} 25. Rb6 {[%emt 0:00:54]} Nb4 {[%emt 0:01:14]} 26. Bd2 {[%emt 0:03:13]} Qc4 {[%emt 0:03:02]} 27. Qc1 {[%emt 0:01:40]} Nc2 {[%emt 0:01:42]} 28. Qb1 {[%emt 0:07:38]} Qxc5 {[%emt 0:01:10]} 29. Rc1 {[%emt 0:00:02]} Rac8 {[%emt 0:00:34]} 30. Rb5 {[%emt 0:00:20]} Qc6 {[%emt 0:03:13]} 31. Bxa5 {[%emt 0:00:01]} Rxd6 {[%emt 0:00:19]} 32. Rb8 {[%emt 0:01:10]} 1-0

[Event "71st RUS-ch Higher League 2018"]
[Site "Yaroslavl"]
[Date "2018.07.04"]
[Round "8"]
[White "Kokarev, Dmitry"]
[Black "Goganov, Aleksey"]
[Result "1/2-1/2"]
[WhiteElo "2603"]
[BlackElo "2576"]
[Annotator "ChessBase"]
[PlyCount "81"]
[EventDate "2018.06.26"]
[EventType "swiss"]
[EventCountry "RUS"]
[SourceTitle "playchess.com"]
[Source "ChessBase"]
[SourceQuality "1"]
[TimeControl "40/5400+30:1800+30"]

1. e4 {[%emt 0:00:00]} e5 {[%emt 0:00:00]} 2. Nf3 {[%emt 0:00:00]} Nc6 {[%emt 0:00:00]} 3. Bb5 {[%emt 0:00:00]} Nf6 {[%emt 0:00:00]} 4. d3 {[%emt 0:00:00]} Bc5 {[%emt 0:00:00]} 5. Bxc6 {[%emt 0:00:05]} dxc6 {[%emt 0:00:00]} 6. Nbd2 {[%emt 0:00:12]} Be6 {[%emt 0:00:22]} 7. O-O {[%emt 0:00:29]} Nd7 {[%emt 0:00:20]} 8. Nb3 {[%emt 0:00:18]} Be7 {[%emt 0:00:35]} 9. d4 {[%emt 0:02:08]} f6 {[%emt 0:03:43]} 10. dxe5 {[%emt 0:03:45]} Nxe5 {[%emt 0:00:55]} 11. Nxe5 {[%emt 0:00:56]} Qxd1 {[%emt 0:00:11]} 12. Rxd1 {[%emt 0:00:05]} fxe5 {[%emt 0:00:05]} 13. Be3 {[%emt 0:19:11]} b6 {[%emt 0:02:37]} 14. Nc1 {[%emt 0:00:27]} Bf6 {[%emt 0:02:58]} 15. Nd3 {[%emt 0:06:56]} O-O-O {[%emt 0:04:07]} 16. f3 {[%emt 0:04:16]} c5 {[%emt 0:04:49]} 17. Nf2 {[%emt 0:06:23]} Rdg8 {[%emt 0:17:34]} 18. Ng4 {[%emt 0:02:47]} h5 {[%emt 0:00:49]} 19. Nxf6 {[%emt 0:00:49]} gxf6 {[%emt 0:00:03]} 20. Kf2 {[%emt 0:05:12]} h4 {[%emt 0:00:18]} 21. Rd2 {[%emt 0:01:02]} a5 {[%emt 0:02:50]} 22. a3 {[%emt 0:02:02]} Rh7 {[%emt 0:00:06]} 23. Rh1 {[%emt 0:02:25]} Bd7 {[%emt 0:01:01]} 24. Rg1 {[%emt 0:06:01]} Kd8 {[%emt 0:01:57]} 25. Rdd1 {[%emt 0:08:55]} Ke7 {[%emt 0:01:30]} 26. g4 {[%emt 0:00:44]} hxg3+ {[%emt 0:00:06]} 27. hxg3 {[%emt 0:00:05]} Ba4 {[%emt 0:00:40]} 28. Rc1 {[%emt 0:05:10]} Rh2+ {[%emt 0:01:13]} 29. Rg2 {[%emt 0:00:10]} Rgh8 {[%emt 0:00:09]} 30. c3 {[%emt 0:01:28]} c4 {[%emt 0:02:02]} 31. g4 {[%emt 0:00:33]} Ke6 {[%emt 0:00:27]} 32. Rcg1 {[%emt 0:00:24]} R8h7 {[%emt 0:01:44]} 33. g5 {[%emt 0:03:00]} fxg5 {[%emt 0:00:35]} 34. Bxg5 {[%emt 0:00:12]} Rxg2+ {[%emt 0:00:23]} 35. Rxg2 {[%emt 0:00:22]} Rg7 {[%emt 0:00:21]} 36. Bh4 {[%emt 0:02:39]} Rxg2+ {[%emt 0:00:09]} 37. Kxg2 {[%emt 0:00:04]} Be8 {[%emt 0:00:37]} 38. Kf2 {[%emt 0:00:07]} a4 {[%emt 0:00:09]} 39. Ke3 {[%emt 0:00:06]} b5 {[%emt 0:00:05]} 40. Bg3 {[%emt 0:00:00]} c6 {[%emt 0:00:00]} 41. Bf2 {[%emt 0:00:16]} 1/2-1/2

[Event "71st RUS-ch Higher League 2018"]
[Site "Yaroslavl"]
[Date "2018.07.04"]
[Round "8"]
[White "Esipenko, Andrey"]
[Black "Iskusnyh, Sergei"]
[Result "1/2-1/2"]
[WhiteElo "2599"]
[BlackElo "2473"]
[Annotator "ChessBase"]
[PlyCount "151"]
[EventDate "2018.06.26"]
[EventType "swiss"]
[EventCountry "RUS"]
[SourceTitle "playchess.com"]
[Source "ChessBase"]
[SourceQuality "1"]
[TimeControl "40/5400+30:1800+30"]

1. d4 {[%emt 0:00:00]} d5 {[%emt 0:00:00]} 2. c4 {[%emt 0:00:00]} c6 {[%emt 0:00:00]} 3. Nf3 {[%emt 0:00:00]} Nf6 {[%emt 0:00:00]} 4. Qb3 {[%emt 0:00:00]} dxc4 {[%emt 0:00:47]} 5. Qxc4 {[%emt 0:00:00]} Bf5 {[%emt 0:00:05]} 6. g3 {[%emt 0:00:01]} e6 {[%emt 0:00:05]} 7. Bg2 {[%emt 0:00:03]} Nbd7 {[%emt 0:00:49]} 8. O-O {[%emt 0:00:09]} Be7 {[%emt 0:00:02]} 9. Nc3 {[%emt 0:00:06]} O-O {[%emt 0:00:08]} 10. Re1 {[%emt 0:00:03]} h6 {[%emt 0:02:14]} 11. e4 {[%emt 0:00:07]} Bh7 {[%emt 0:00:07]} 12. a3 {[%emt 0:00:10]} a5 {[%emt 0:05:10]} 13. Qe2 {[%emt 0:00:08]} Re8 {[%emt 0:14:43]} 14. Bd2 {[%emt 0:08:52]} Bf8 {[%emt 0:09:19]} 15. Rad1 {[%emt 0:01:46]} b5 {[%emt 0:05:02]} 16. Ne5 {[%emt 0:01:49]} Nxe5 {[%emt 0:02:12]} 17. dxe5 {[%emt 0:00:05]} Nd7 {[%emt 0:00:06]} 18. Be3 {[%emt 0:00:21]} Qc7 {[%emt 0:04:11]} 19. f4 {[%emt 0:00:15]} Nb6 {[%emt 0:05:55]} 20. Qc2 {[%emt 0:02:11]} Qb7 {[%emt 0:07:06]} 21. Bf2 {[%emt 0:01:00]} b4 {[%emt 0:02:46]} 22. axb4 {[%emt 0:03:15]} axb4 {[%emt 0:00:11]} 23. Nb1 {[%emt 0:00:07]} c5 {[%emt 0:07:07]} 24. Nd2 {[%emt 0:00:09]} c4 {[%emt 0:01:32]} 25. Nxc4 {[%emt 0:01:41]} Rac8 {[%emt 0:02:57]} 26. Bf1 {[%emt 0:01:00]} Nxc4 {[%emt 0:03:24]} 27. Bxc4 {[%emt 0:00:18]} b3 {[%emt 0:00:48]} 28. Qxb3 {[%emt 0:00:54]} Qb4 {[%emt 0:01:20]} 29. Rd4 {[%emt 0:08:28]} Bc5 {[%emt 0:12:12]} 30. Qxb4 {[%emt 0:02:03]} Bxb4 {[%emt 0:00:06]} 31. Rc1 {[%emt 0:00:51]} Bc5 {[%emt 0:06:47]} 32. Ba6 {[%emt 0:08:02]} Bxd4 {[%emt 0:01:15]} 33. Rxc8 {[%emt 0:00:09]} Rxc8 {[%emt 0:00:08]} 34. Bxc8 {[%emt 0:00:09]} Bxb2 {[%emt 0:00:14]} 35. Bb7 {[%emt 0:00:09]} Bc1 {[%emt 0:04:47]} 36. Kg2 {[%emt 0:00:32]} g5 {[%emt 0:01:06]} 37. Kf3 {[%emt 0:00:44]} Bg6 {[%emt 0:02:17]} 38. Kg4 {[%emt 0:00:15]} Kg7 {[%emt 0:01:04]} 39. Bc5 {[%emt 0:00:37]} gxf4 {[%emt 0:00:51]} 40. gxf4 {[%emt 0:00:00]} f5+ {[%emt 0:00:00]} 41. exf6+ {[%emt 0:01:00]} Kxf6 {[%emt 0:00:35]} 42. Bd4+ {[%emt 0:03:18]} Kf7 {[%emt 0:00:18]} 43. h4 {[%emt 0:03:15]} Bh7 {[%emt 0:06:06]} 44. h5 {[%emt 0:02:52]} Kf8 {[%emt 0:03:48]} 45. Kf3 {[%emt 0:03:31]} Bg8 {[%emt 0:00:30]} 46. Bc8 {[%emt 0:02:06]} Bf7 {[%emt 0:03:03]} 47. Kg4 {[%emt 0:00:09]} Bd2 {[%emt 0:01:35]} 48. Be5 {[%emt 0:06:05]} Bb4 {[%emt 0:04:21]} 49. Ba6 {[%emt 0:01:07]} Bc5 {[%emt 0:01:35]} 50. Be2 {[%emt 0:00:40]} Be8 {[%emt 0:03:35]} 51. Bc3 {[%emt 0:02:06]} Bc6 {[%emt 0:01:47]} 52. Bd3 {[%emt 0:00:30]} Kf7 {[%emt 0:05:01]} 53. Kf3 {[%emt 0:04:10]} Ba4 {[%emt 0:00:34]} 54. Ke2 {[%emt 0:01:16]} Ke7 {[%emt 0:01:38]} 55. Kd2 {[%emt 0:00:27]} Be8 {[%emt 0:01:24]} 56. Be2 {[%emt 0:00:17]} Bc6 {[%emt 0:00:12]} 57. Bf3 {[%emt 0:01:46]} Bd6 {[%emt 0:00:36]} 58. Ke3 {[%emt 0:00:08]} Bc5+ {[%emt 0:00:33]} 59. Ke2 {[%emt 0:00:06]} Kf7 {[%emt 0:00:29]} 60. Be5 {[%emt 0:00:17]} Bb5+ {[%emt 0:00:26]} 61. Kd2 {[%emt 0:00:33]} Bb4+ {[%emt 0:00:54]} 62. Kc2 {[%emt 0:00:29]} Ba4+ {[%emt 0:00:13]} 63. Kd3 {[%emt 0:00:12]} Bb5+ {[%emt 0:00:28]} 64. Kd4 {[%emt 0:00:10]} Ba3 {[%emt 0:00:07]} 65. Bc7 {[%emt 0:00:31]} Ke7 {[%emt 0:00:50]} 66. Ba5 {[%emt 0:01:42]} Bc6 {[%emt 0:00:24]} 67. Bd2 {[%emt 0:01:28]} Bb7 {[%emt 0:02:18]} 68. Bd1 {[%emt 0:00:22]} Bb2+ {[%emt 0:00:16]} 69. Ke3 {[%emt 0:00:07]} Ba3 {[%emt 0:00:10]} 70. Bb3 {[%emt 0:00:30]} Bc6 {[%emt 0:00:17]} 71. Bc3 {[%emt 0:00:09]} Be8 {[%emt 0:00:19]} 72. Bd1 {[%emt 0:00:12]} Bc1+ {[%emt 0:00:19]} 73. Bd2 {[%emt 0:00:11]} Bxd2+ {[%emt 0:00:15]} 74. Kxd2 {[%emt 0:00:06]} e5 {[%emt 0:00:36]} 75. Ke3 {[%emt 0:00:45]} Kf6 {[%emt 0:00:18]} 76. Bg4 {[%emt 0:00:10]} 1/2-1/2

[Event "71st RUS-ch Higher League 2018"]
[Site "Yaroslavl"]
[Date "2018.07.04"]
[Round "8"]
[White "Potkin, Vladimir"]
[Black "Sviridov, Valery"]
[Result "1/2-1/2"]
[WhiteElo "2592"]
[BlackElo "2513"]
[Annotator "ChessBase"]
[PlyCount "75"]
[EventDate "2018.06.26"]
[EventType "swiss"]
[EventCountry "RUS"]
[SourceTitle "playchess.com"]
[Source "ChessBase"]
[SourceQuality "1"]
[TimeControl "40/5400+30:1800+30"]

1. e4 {[%emt 0:00:00]} g6 {[%emt 0:00:00]} 2. d4 {[%emt 0:00:00]} Bg7 {[%emt 0:00:00]} 3. Nc3 {[%emt 0:00:31]} d6 {[%emt 0:01:08]} 4. Be3 {[%emt 0:01:54]} a6 {[%emt 0:00:36]} 5. Nf3 {[%emt 0:01:50]} b5 {[%emt 0:02:50]} 6. Bd3 {[%emt 0:01:22]} Bb7 {[%emt 0:00:34]} 7. e5 {[%emt 0:01:21]} Nd7 {[%emt 0:02:41]} 8. e6 {[%emt 0:00:43]} fxe6 {[%emt 0:00:07]} 9. Ng5 {[%emt 0:00:05]} Nf8 {[%emt 0:00:10]} 10. O-O {[%emt 0:00:18]} Nh6 {[%emt 0:01:56]} 11. a4 {[%emt 0:02:56]} b4 {[%emt 0:01:51]} 12. Ne2 {[%emt 0:00:39]} Nf5 {[%emt 0:00:12]} 13. c3 {[%emt 0:00:52]} bxc3 {[%emt 0:00:38]} 14. Bxf5 {[%emt 0:02:32]} cxb2 {[%emt 0:18:37]} 15. Rb1 {[%emt 0:05:03]} gxf5 {[%emt 0:00:23]} 16. Nf4 {[%emt 0:00:25]} Bf6 {[%emt 0:13:01]} 17. Ngxe6 {[%emt 0:32:06]} Nxe6 {[%emt 0:00:43]} 18. Nxe6 {[%emt 0:01:22]} Rg8 {[%emt 0:00:36]} 19. g3 {[%emt 0:19:46]} Qc8 {[%emt 0:01:11]} 20. Qh5+ {[%emt 0:03:18]} Rg6 {[%emt 0:04:33]} 21. Nf4 {[%emt 0:05:37]} Kd8 {[%emt 0:01:30]} 22. Rxb2 {[%emt 0:02:10]} Rg4 {[%emt 0:06:23]} 23. Qxh7 {[%emt 0:02:27]} Bf3 {[%emt 0:12:14]} 24. Rc1 {[%emt 0:01:11]} Rxf4 {[%emt 0:06:14]} 25. Bxf4 {[%emt 0:02:36]} Qe6 {[%emt 0:00:13]} 26. Rbc2 {[%emt 0:02:40]} Bd5 {[%emt 0:00:43]} 27. Rxc7 {[%emt 0:01:25]} Qe4 {[%emt 0:00:16]} 28. Kf1 {[%emt 0:00:05]} Rb8 {[%emt 0:01:39]} 29. Be3 {[%emt 0:02:42]} Qh1+ {[%emt 0:05:34]} 30. Ke2 {[%emt 0:00:01]} Rb2+ {[%emt 0:00:15]} 31. R7c2 {[%emt 0:00:41]} Rxc2+ {[%emt 0:02:32]} 32. Rxc2 {[%emt 0:00:01]} Bf3+ {[%emt 0:00:12]} 33. Kd2 {[%emt 0:00:47]} Qd1+ {[%emt 0:00:09]} 34. Kc3 {[%emt 0:00:02]} Qa1+ {[%emt 0:03:05]} 35. Kd2 {[%emt 0:00:30]} Qd1+ {[%emt 0:01:09]} 36. Kc3 {[%emt 0:00:01]} Qa1+ {[%emt 0:00:33]} 37. Kd2 {[%emt 0:00:05]} Qd1+ {[%emt 0:00:09]} 38. Kc3 1/2-1/2

[Event "71st RUS-ch Higher League 2018"]
[Site "Yaroslavl"]
[Date "2018.07.04"]
[Round "8"]
[White "Oparin, Grigoriy"]
[Black "Sarana, Alexey"]
[Result "1/2-1/2"]
[WhiteElo "2587"]
[BlackElo "2573"]
[Annotator "TA"]
[PlyCount "35"]
[EventDate "2018.06.26"]
[EventType "swiss"]
[EventCountry "RUS"]
[SourceTitle "playchess.com"]
[Source "ChessBase"]
[SourceQuality "1"]

{[%evp 22,35,30,0,0,0,0,9,19,0,7,0,14,0,0,0]} 1. e4 c5 2. Nf3 {[%cal Bg1f3,Bf3d4,Bd4b3,Bb3d2,Bd2f1][%mdl 32]} d6 3. d4 cxd4 4. Nxd4 Nf6 5. Nc3 a6 6. Be2 e5 7. Nb3 Be7 8. O-O O-O 9. Re1 Be6 {B92: Sicilian Najdorf: 6 Be2} 10. Bf3 Nbd7 11. a4 Rc8 (11... Qb8 12. h3 Rc8 13. Nd2 Bd8 14. Nf1 Bb6 15. a5 Bd4 16. Ne2 Bc5 17. Be3 {0-1 (39) Rublevsky,S (2665)-Alekseenko,K (2625) Sochi 2018}) 12. Nd2 {LiveBook: 35 Games} Nb8 {[%cal Bd7b8,Bb8c6,Bc6b4][%mdl 32] The position is equal.} 13. Nf1 Nc6 14. Be3 Nb4 {[#]} 15. Bd2 $146 ({Predecessor:} 15. a5 d5 16. Bb6 Qd6 17. exd5 Nbxd5 18. Nxd5 Nxd5 19. Bxd5 Bxd5 {½-½ (35) Pogonina,N (2501)-Ju,W (2496) Ningbo 2010}) 15... Nc6 16. Be3 Nb4 17. Bd2 Nc6 18. Be3 1/2-1/2

[Event "71st RUS-ch Higher League 2018"]
[Site "Yaroslavl"]
[Date "2018.07.04"]
[Round "8"]
[White "Timofeev, Artyom"]
[Black "Khismatullin, Denis"]
[Result "0-1"]
[WhiteElo "2583"]
[BlackElo "2627"]
[Annotator "ChessBase"]
[PlyCount "54"]
[EventDate "2018.06.26"]
[EventType "swiss"]
[EventCountry "RUS"]
[SourceTitle "playchess.com"]
[Source "ChessBase"]
[SourceQuality "1"]
[TimeControl "40/5400+30:1800+30"]

1. Nf3 {[%emt 0:00:00]} Nf6 {[%emt 0:02:22]} 2. c4 {[%emt 0:00:08]} e6 {[%emt 0:00:23]} 3. Nc3 {[%emt 0:01:32]} d5 {[%emt 0:04:50]} 4. d4 {[%emt 0:00:25]} Nbd7 {[%emt 0:00:06]} 5. e3 {[%emt 0:03:08]} a6 {[%emt 0:11:50]} 6. b3 {[%emt 0:11:31]} b6 {[%emt 0:02:07]} 7. Bb2 {[%emt 0:01:18]} Bb7 {[%emt 0:00:05]} 8. Bd3 {[%emt 0:00:47]} Bd6 {[%emt 0:01:06]} 9. O-O {[%emt 0:07:24]} O-O {[%emt 0:00:34]} 10. Re1 {[%emt 0:00:58]} Ne4 {[%emt 0:04:28]} 11. a3 {[%emt 0:01:10]} f5 {[%emt 0:05:52]} 12. b4 {[%emt 0:00:48]} dxc4 {[%emt 0:08:44]} 13. Bxc4 {[%emt 0:00:05]} Qe7 {[%emt 0:03:52]} 14. Nxe4 {[%emt 0:15:01]} fxe4 {[%emt 0:07:06]} 15. Ne5 {[%emt 0:00:06]} Bxe5 {[%emt 0:06:22]} 16. dxe5 {[%emt 0:00:43]} Rf5 {[%emt 0:00:06]} 17. Ra2 {[%emt 0:04:53]} b5 {[%emt 0:04:59]} 18. Bb3 {[%emt 0:00:43]} c5 {[%emt 0:01:20]} 19. bxc5 {[%emt 0:04:57]} Nxc5 {[%emt 0:00:37]} 20. Bc2 {[%emt 0:00:16]} Bd5 {[%emt 0:03:35]} 21. Ra1 {[%emt 0:00:14]} Raf8 {[%emt 0:03:16]} 22. Rf1 {[%emt 0:11:45]} Qh4 {[%emt 0:12:15]} 23. f4 {[%emt 0:02:51]} exf3 {[%emt 0:01:20]} 24. Bxf5 {[%emt 0:00:08]} Rxf5 {[%emt 0:00:24]} 25. Rxf3 {[%emt 0:00:14]} Bxf3 {[%emt 0:03:27]} 26. gxf3 {[%emt 0:00:06]} Ne4 {[%emt 0:05:23]} 27. fxe4 {[%emt 0:01:39]} Rf2 {[%emt 0:01:43]} 0-1